Ordinary of the Mass (Latin) - Statistics

General Stats
  • This quiz has been taken 29 times
  • The average score is 179 of 303
Answer Stats
Hint Answer % Correct
Credo | Gloria | Sanctus in
90%
Kyrie Kyrie
90%
Agnus Dei | Gloria Agnus
80%
Credo | Gloria Amen.
80%
Credo de
80%
Agnus Dei | Credo | Gloria Dei
80%
Credo ex
80%
Gloria excelsis
80%
Sanctus excelsis.
80%
Gloria Gloria
80%
Credo | Gloria | Sanctus gloria
80%
Gloria Sanctus.
80%
Sanctus Sanctus
80%
Credo Credo
70%
Credo | Gloria Deo
70%
Credo Deum
70%
Credo die
70%
Gloria Dominus.
70%
Sanctus Dominus
70%
Kyrie eleison.
70%
Credo | Gloria | Sanctus et
70%
Credo Et
70%
Gloria Jesu
70%
Credo | Gloria Qui
70%
Agnus Dei | Credo | Sanctus qui
70%
Gloria te.
70%
Gloria tu
70%
Gloria Tu
70%
Credo | Gloria ad
60%
Gloria Adoramus
60%
Gloria Altissimus
60%
Sanctus Benedictus
60%
Gloria bonae
60%
Credo | Sanctus caeli
60%
Kyrie Christe
60%
Gloria Christe.
60%
Credo Christum
60%
Gloria | Sanctus Deus
60%
Credo | Gloria dexteram
60%
Sanctus Domini.
60%
Credo Dominum
60%
Agnus Dei dona
60%
Credo est
60%
Credo est.
60%
Gloria Fili
60%
Credo Filio
60%
Credo Filium
60%
Gloria Glorificamus
60%
Gloria hominibus
60%
Sanctus Hosanna
60%
Gloria Laudamus
60%
Credo Maria
60%
Agnus Dei | Gloria miserere
60%
Agnus Dei | Gloria mundi
60%
Agnus Dei | Gloria nobis.
60%
Agnus Dei | Credo nobis
60%
Sanctus nomine
60%
Agnus Dei pacem.
60%
Credo Patre
60%
Credo Patrem
60%
Credo Patri
60%
Credo | Gloria Patris.
60%
Gloria Patris
60%
Gloria pax
60%
Agnus Dei | Gloria peccata
60%
Sanctus Pleni
60%
Credo pro
60%
Gloria Quoniam
60%
Sanctus Sabaoth.
60%
Gloria sedes
60%
Gloria solus
60%
Credo | Gloria Spiritu
60%
Credo sunt.
60%
Sanctus sunt
60%
Gloria | Sanctus terra
60%
Agnus Dei | Gloria tollis
60%
Sanctus tua.
60%
Credo unum
60%
Sanctus venit
60%
Gloria voluntatis.
60%
Credo apostolicam
50%
Credo ascendit
50%
Gloria Benedicimus
50%
Credo caelis.
50%
Credo caelum
50%
Credo catholicam
50%
Credo Crucifixus
50%
Gloria Cum
50%
Credo cum
50%
Gloria Domine
50%
Credo Ecclesiam.
50%
Credo etiam
50%
Credo factorem
50%
Credo factus
50%
Gloria Filius
50%
Gloria gloriam
50%
Credo homo
50%
Credo incarnatus
50%
Credo invisibilium.
50%
Credo Jesum
50%
Credo lumen
50%
Credo lumine
50%
Gloria magnam
50%
Credo nos
50%
Gloria nostram.
50%
Credo nostram
50%
Gloria omnipotens.
50%
Credo omnipotentem
50%
Credo omnium
50%
Credo passus
50%
Gloria Pater
50%
Credo per
50%
Credo Pilato
50%
Credo Pontio
50%
Credo | Gloria propter
50%
Credo resurrexit
50%
Gloria Rex
50%
Credo saeculi.
50%
Credo sanctam
50%
Credo | Gloria Sancto
50%
Credo sepultus
50%
Credo sub
50%
Credo terrae
50%
Credo tertia
50%
Gloria tuam.
50%
Credo Virgine
50%
Credo visibilium
50%
Credo vitam
50%
Credo adoratur
40%
Gloria agimus
40%
Credo baptisma
40%
Gloria caelestis
40%
Credo Confiteor
40%
Credo conglorificatur
40%
Gloria deprecationem
40%
Credo descendit
40%
Credo facta
40%
Credo factum
40%
Gloria Gratias
40%
Credo iterum
40%
Credo judicare
40%
Credo locutus
40%
Credo mortuos
40%
Credo non
40%
Credo omnia
40%
Credo peccatorum.
40%
Credo prophetas.
40%
Credo quem
40%
Credo remissionem
40%
Credo resurrectionem
40%
Credo saecula.
40%
Credo salutem
40%
Credo Sanctum
40%
Credo Scripturas.
40%
Credo secundum
40%
Credo sedet
40%
Credo simul
40%
Credo Spiritum
40%
Gloria suscipe
40%
Gloria tibi
40%
Credo unam
40%
Gloria unigenite
40%
Credo venturi
40%
Credo venturus
40%
Credo vero.
40%
Credo verum
40%
Credo vivificantem
40%
Credo vivos
40%
Credo ante
30%
Credo consubstantialem
30%
Credo cuius
30%
Gloria Domino
30%
Credo erit
30%
Credo Filioque
30%
Credo finis.
30%
Credo Genitum
30%
Credo homines
30%
Credo mortuorum.
30%
Credo natum
30%
Credo procedit.
30%
Credo regni
30%
Credo unigenitum.
30%
Credo exspecto
10%
No matching quizzes found
Score Distribution
Percent of People with Each Score
Percentile by Number Answered
Your Score History
You have not taken this quiz